[Event "Barcelona Sants op-A18th"]
[Site "Barcelona"]
[Date "2016.08.20"]
[Round "2"]
[White "Fier, Alexandr"]
[Black "Alanic, Xavier"]
[Result "1-0"]
[WhiteElo "2627"]
[BlackElo "2289"]
[PlyCount "81"]
[EventDate "2016.08.19"]
[EventType "swiss"]
[EventRounds "10"]
[EventCountry "ESP"]
[SourceTitle "CBM 174 Extra"]
[Source "ChessBase"]
[SourceDate "2016.10.10"]
[SourceVersion "1"]
[SourceVersionDate "2016.10.10"]
[SourceQuality "1"]

1. d4 Nf6 2. c4 c5 3. Nf3 cxd4 4. Nxd4 Nc6 5. Nc3 g6 6. g3 Bg7 7. Bg2 0-0 8. 0-0 Nxd4 9. Qxd4 d6 10. Qd3 Bf5 11. e4 Bd7 12. Bd2 Rc8 13. b3 Bc6 14. Rac1 Nd7 15. Qe2 a5 16. Rfd1 b6 17. Bg5 h6 18. Bf4 Qc7 19. Bh3 Qb7 20. Nd5 Rfe8 21. Bg2 Kh7 22. h4 Nc5 23. Re1 e6 24. Nc3 d5 25. h5 dxc4 26. hxg6+ fxg6 27. bxc4 Rcd8 28. Red1 Rxd1+ 29. Qxd1 e5 30. Be3 Nxe4 31. Nxe4 Bxe4 32. Bxe4 Qxe4 33. Bxb6 Qc6 34. c5 Re6 35. Bxa5 e4 36. Bd2 e3 37. Bxe3 Re5 38. Qf1 Re8 39. Qg2 Qa4 40. c6 Bb2 41. Qd5 1-0

[Event "Rennes op 7th"]
[Site "Rennes"]
[Date "2014.07.08"]
[Round "5"]
[White "Alanic, Xavier"]
[Black "Durand Le Ludec, Brendan Bubok"]
[Result "1-0"]
[WhiteElo "2281"]
[BlackElo "1983"]
[PlyCount "59"]
[EventDate "2014.07.05"]
[EventType "swiss"]
[EventRounds "9"]
[EventCountry "FRA"]
[SourceTitle "CBM 161 Extra"]
[Source "ChessBase"]
[SourceDate "2014.08.29"]
[SourceVersion "1"]
[SourceVersionDate "2014.08.29"]
[SourceQuality "1"]

1. Nf3 Nf6 2. c4 g6 3. Nc3 Bg7 4. g3 0-0 5. Bg2 d6 6. 0-0 c5 7. d4 Nc6 8. e3 Bg4 9. b3 Nd7 10. Ne2 Qb6 11. Bb2 a5 12. dxc5 Nxc5 13. Bxg7 Kxg7 14. Nfd4 Bd7 15. Nc3 Rfc8 16. Qd2 Qd8 17. Rab1 a4 18. Ndb5 Bf5 19. e4 Be6 20. Nd5 axb3 21. axb3 f5 22. Nf4 Qd7 23. Nxe6+ Qxe6 24. exf5 Qxf5 25. Rfe1 Nd3 26. g4 Ra2 27. Qxa2 Qxg4 28. Qe2 Qxg2+ 29. Kxg2 Nf4+ 30. Kg3 1-0

[Event "Rennes op 6th"]
[Site "Rennes"]
[Date "2013.07.08"]
[Round "4"]
[White "Prioul, Jean"]
[Black "Alanic, Xavier"]
[Result "0-1"]
[WhiteElo "1939"]
[BlackElo "2263"]
[PlyCount "119"]
[EventDate "2013.07.06"]
[EventType "swiss"]
[EventRounds "9"]
[EventCountry "FRA"]
[SourceTitle "CBM 155 Extra"]
[Source "ChessBase"]
[SourceDate "2013.08.26"]
[SourceVersion "1"]
[SourceVersionDate "2013.08.26"]
[SourceQuality "1"]

1. Nf3 Nf6 2. c4 e6 3. Nc3 d5 4. d4 Be7 5. Bg5 Nbd7 6. e3 0-0 7. cxd5 exd5 8. Bd3 c6 9. 0-0 Re8 10. Qc2 Nf8 11. Bxf6 Bxf6 12. b4 a6 13. a4 Bg4 14. Nd2 Qd6 15. Rab1 Bd8 16. Rfe1 Bc7 17. Nf1 g6 18. b5 axb5 19. axb5 Bd7 20. bxc6 bxc6 21. Na4 Ne6 22. Rec1 Reb8 23. Rxb8+ Rxb8 24. Nc5 Nxc5 25. Qxc5 Qxc5 26. Rxc5 Rb3 27. Be2 Kf8 28. Rc1 Ke7 29. Bd1 Rb2 30. Ng3 Ba5 31. h3 Kd6 32. Bg4 f5 33. Bd1 Bc8 34. Be2 Ra2 35. Bf1 Bd2 36. Rd1 f4 37. exf4 Bxf4 38. Ne2 Bd2 39. g3 Ba6 40. Nf4 Bxf1 41. Kxf1 Bxf4 42. gxf4 Rc2 43. Kg2 Re2 44. Kg3 Re7 45. Rc1 Re4 46. Rd1 c5 47. dxc5+ Kxc5 48. Rc1+ Rc4 49. Rd1 d4 50. Kg4 Rc2 51. Kf3 Kd5 52. h4 Rc3+ 53. Kg4 Rc2 54. Kf3 Kc4 55. h5 d3 56. hxg6 hxg6 57. Rg1 d2 58. Ke2 Rc1 59. Rd1 Rxd1 60. Kxd1 0-1

[Event "Rennes op 6th"]
[Site "Rennes"]
[Date "2013.07.07"]
[Round "2"]
[White "Aubry, Yannis"]
[Black "Alanic, Xavier"]
[Result "0-1"]
[WhiteElo "2181"]
[BlackElo "2263"]
[PlyCount "80"]
[EventDate "2013.07.06"]
[EventType "swiss"]
[EventRounds "9"]
[EventCountry "FRA"]
[SourceTitle "CBM 155 Extra"]
[Source "ChessBase"]
[SourceDate "2013.08.26"]
[SourceVersion "1"]
[SourceVersionDate "2013.08.26"]
[SourceQuality "1"]

1. e4 c6 2. d4 d5 3. e5 g6 4. Nc3 Nh6 5. f4 Qb6 6. Na4 Qd8 7. Nc3 Bg4 8. Be2 Bxe2 9. Ncxe2 e6 10. Be3 Nf5 11. Bf2 h5 12. Nf3 Qb6 13. b3 c5 14. 0-0 Nc6 15. c4 Rd8 16. cxd5 Rxd5 17. Nc3 Rd8 18. d5 Qb4 19. Qc1 exd5 20. a3 Qxb3 21. Rb1 Qc4 22. Rxb7 Bh6 23. Nxd5 Qxd5 24. Qxc5 Qxc5 25. Bxc5 Rd7 26. Rfb1 Nd8 27. Rb8 Bxf4 28. g3 Be3+ 29. Bxe3 Nxe3 30. e6 fxe6 31. Ne5 Rd5 32. Nxg6 Rh6 33. Nf4 Rd6 34. Re1 Nc4 35. Rc1 Nb6 36. Rc7 Rd7 37. Rc5 Rd1+ 38. Kg2 Nd7 39. Rxd8+ Kxd8 40. Ra5 e5 0-1

[Event "FRA-ch Accession"]
[Site "Caen"]
[Date "2011.08.26"]
[Round "10"]
[White "Alanic, Xavier"]
[Black "Bouget, Alexandre"]
[Result "1/2-1/2"]
[WhiteElo "2264"]
[BlackElo "2199"]
[PlyCount "41"]
[EventDate "2011.08.16"]
[EventType "swiss"]
[EventRounds "11"]
[EventCountry "FRA"]
[SourceTitle "CBM 144 Extra"]
[Source "ChessBase"]
[SourceDate "2011.10.28"]
[SourceVersion "1"]
[SourceVersionDate "2011.10.28"]
[SourceQuality "1"]

1. d4 d6 2. c4 e5 3. dxe5 dxe5 4. Qxd8+ Kxd8 5. Nc3 c6 6. Nf3 f6 7. e3 Be6 8. Be2 Nd7 9. 0-0 Kc7 10. Bd2 Nh6 11. Ne4 Nc5 12. Nxc5 Bxc5 13. Rfd1 Rhd8 14. Bc3 Rxd1+ 15. Rxd1 Rd8 16. Rxd8 Kxd8 17. Bd3 Bf5 18. Bxf5 Nxf5 19. Nd2 Be7 20. Ne4 Nd6 21. Nxd6 1/2-1/2

[Event "Breizh Masters"]
[Site "Guingamp"]
[Date "2011.03.05"]
[Round "2"]
[White "Jolly, Jean Francois"]
[Black "Alanic, Xavier"]
[Result "1-0"]
[WhiteElo "2369"]
[BlackElo "2301"]
[PlyCount "41"]
[EventDate "2011.03.04"]
[EventType "tourn"]
[EventRounds "9"]
[EventCountry "FRA"]
[EventCategory "4"]
[SourceTitle "EXT 2012"]
[Source "ChessBase"]
[SourceDate "2011.11.24"]
[SourceVersion "1"]
[SourceVersionDate "2011.11.24"]
[SourceQuality "1"]

1. e4 c6 2. d4 d5 3. e5 g6 4. c4 Bg7 5. Nc3 Nh6 6. Bf4 dxc4 7. Bxc4 b5 8. Bb3 a5 9. a3 Nf5 10. Nf3 e6 11. g4 Nh4 12. Nxh4 Qxh4 13. Ne4 h5 14. Bg5 Qxg4 15. Qd3 Nd7 16. h3 Qg2 17. 0-0-0 0-0 18. Rdg1 Qxh1 19. Rxh1 Nb6 20. Nf6+ Kh8 21. Nxh5 1-0

[Event "FRA-chT1A 0708"]
[Site "France"]
[Date "2008.04.05"]
[Round "10.5"]
[White "Godard, Maxence"]
[Black "Alanic, Xavier"]
[Result "1-0"]
[WhiteElo "2335"]
[BlackElo "2304"]
[PlyCount "97"]
[EventDate "2007.10.21"]
[EventType "team"]
[EventRounds "11"]
[EventCountry "FRA"]
[SourceTitle "EXT 2009"]
[Source "ChessBase"]
[SourceDate "2008.11.26"]
[SourceVersion "1"]
[SourceVersionDate "2008.11.26"]
[SourceQuality "1"]
[WhiteTeam "Deauville"]
[BlackTeam "Guingamp"]
[WhiteTeamCountry "FRA"]
[BlackTeamCountry "FRA"]

1. c4 c5 2. g3 g6 3. Bg2 Bg7 4. Nc3 Nc6 5. d3 e5 6. a3 Nge7 7. Rb1 a5 8. e3 0-0 9. Nge2 d6 10. 0-0 Be6 11. Nd5 Rb8 12. Nec3 h6 13. Bd2 f5 14. b4 axb4 15. axb4 cxb4 16. Nb5 Qd7 17. Qb3 g5 18. Nxe7+ Qxe7 19. Bxb4 Nxb4 20. Qxb4 Rfd8 21. Nc3 Qf7 22. Qa5 e4 23. dxe4 b6 24. Qb4 Bxc4 25. Rbd1 Bxc3 26. Qxc3 fxe4 27. Bxe4 d5 28. Bg2 b5 29. Rd4 Ra8 30. Rfd1 Ra2 31. R4d2 Rxd2 32. Rxd2 Qg7 33. Rd4 Qg6 34. h4 Rf8 35. Qd2 gxh4 36. Rxh4 Qb1+ 37. Kh2 Qa2 38. Rg4+ Kh7 39. Qd4 Rg8 40. Rf4 Rg7 41. Bh3 Qa7 42. Bf5+ Kg8 43. Qe5 Rg5 44. Qe8+ Kg7 45. Bh3 d4 46. Qf8+ Kh7 47. Bf5+ Rxf5 48. Qxf5+ Kh8 49. Rxd4 1-0

[Event "FRA-chT1A 0708"]
[Site "France"]
[Date "2008.03.16"]
[Round "9.4"]
[White "Alanic, Xavier"]
[Black "Belkhodja, Slim"]
[Result "0-1"]
[WhiteElo "2284"]
[BlackElo "2478"]
[PlyCount "70"]
[EventDate "2007.10.21"]
[EventType "team"]
[EventRounds "11"]
[EventCountry "FRA"]
[SourceTitle "EXT 2009"]
[Source "ChessBase"]
[SourceDate "2008.11.26"]
[SourceVersion "1"]
[SourceVersionDate "2008.11.26"]
[SourceQuality "1"]
[WhiteTeam "Guingamp"]
[BlackTeam "Chalons en Champagne"]
[WhiteTeamCountry "FRA"]
[BlackTeamCountry "FRA"]

1. c4 e5 2. Nc3 Nf6 3. g3 Bb4 4. Bg2 0-0 5. e4 Bxc3 6. bxc3 c6 7. Ne2 d5 8. cxd5 cxd5 9. exd5 Nxd5 10. 0-0 Nc6 11. Qb3 Nb6 12. Qc2 Bg4 13. f3 Bh5 14. d3 Rc8 15. Qd2 Bg6 16. Rd1 Qf6 17. Qe3 Rfd8 18. Bb2 Rxd3 19. Rxd3 Nc4 20. Qf2 Bxd3 21. Nc1 e4 22. Nxd3 exd3 23. Rd1 d2 24. Rxd2 Nxd2 25. Qxd2 Ne5 26. Qe2 Nc4 27. Bh3 Rd8 28. Qxc4 Qb6+ 29. Kh1 Qxb2 30. Bf1 Qf2 31. f4 g6 32. Qe2 Qxe2 33. Bxe2 Rd2 34. Bc4 Rc2 35. Bd5 b5 0-1

[Event "Breizh Masters-B"]
[Site "Guingamp"]
[Date "2008.02.28"]
[Round "7"]
[White "Kozhuharov, Spas"]
[Black "Alanic, Xavier"]
[Result "1-0"]
[WhiteElo "2456"]
[BlackElo "2284"]
[PlyCount "43"]
[EventDate "2008.02.23"]
[EventType "tourn"]
[EventRounds "9"]
[EventCountry "FRA"]
[EventCategory "3"]
[SourceTitle "CBM 123 Extra"]
[Source "ChessBase"]
[SourceDate "2008.05.06"]
[SourceVersion "1"]
[SourceVersionDate "2008.05.06"]
[SourceQuality "1"]

1. e4 c6 2. c4 d5 3. exd5 cxd5 4. cxd5 Nf6 5. Qa4+ Bd7 6. Qb3 Qc7 7. Nc3 e6 8. Bc4 Na6 9. dxe6 fxe6 10. d4 Rc8 11. Bxe6 Nb4 12. Nf3 Nc2+ 13. Qxc2 Bxe6 14. 0-0 Be7 15. Re1 Qd7 16. Bg5 Kf8 17. Qe2 Bg4 18. h3 Bxf3 19. Qxf3 Kf7 20. Nd5 Rhe8 21. Rxe7+ Rxe7 22. Nxf6 1-0

[Event "Breizh Masters-B"]
[Site "Guingamp"]
[Date "2008.02.25"]
[Round "3"]
[White "Alanic, Xavier"]
[Black "Van Dongen, Patrick"]
[Result "1/2-1/2"]
[WhiteElo "2284"]
[BlackElo "2371"]
[PlyCount "64"]
[EventDate "2008.02.23"]
[EventType "tourn"]
[EventRounds "9"]
[EventCountry "FRA"]
[EventCategory "3"]
[SourceTitle "CBM 123 Extra"]
[Source "ChessBase"]
[SourceDate "2008.05.06"]
[SourceVersion "1"]
[SourceVersionDate "2008.05.06"]
[SourceQuality "1"]

1. c4 c5 2. Nc3 Nc6 3. g3 Nf6 4. Bg2 e6 5. e4 d5 6. exd5 exd5 7. cxd5 Nb4 8. a3 Nd3+ 9. Kf1 Be7 10. Qe2 c4 11. b3 Bf5 12. Ne4 Nxe4 13. Bxe4 Bxe4 14. Qxe4 Nxc1 15. Rxc1 cxb3 16. Qa4+ Qd7 17. Qxd7+ Kxd7 18. Rb1 Rhc8 19. Rxb3 b6 20. Kg2 Rc5 21. Nf3 Rxd5 22. Re1 Bd6 23. Re4 b5 24. d4 f6 25. Ree3 Rc8 26. Red3 Rc2 27. Nd2 a6 28. Kf3 Be7 29. Ke2 g5 30. Kd1 Rc8 31. Nf1 Ke8 32. Ne3 Rd7 1/2-1/2

[Event "Breizh Masters-B"]
[Site "Guingamp"]
[Date "2008.02.25"]
[Round "4"]
[White "Mullon, Jean Baptiste"]
[Black "Alanic, Xavier"]
[Result "1/2-1/2"]
[WhiteElo "2329"]
[BlackElo "2284"]
[PlyCount "74"]
[EventDate "2008.02.23"]
[EventType "tourn"]
[EventRounds "9"]
[EventCountry "FRA"]
[EventCategory "3"]
[SourceTitle "CBM 123 Extra"]
[Source "ChessBase"]
[SourceDate "2008.05.06"]
[SourceVersion "1"]
[SourceVersionDate "2008.05.06"]
[SourceQuality "1"]

1. e4 c6 2. d4 d5 3. Nc3 dxe4 4. Nxe4 Nf6 5. Nxf6+ exf6 6. c3 Bd6 7. Bd3 0-0 8. Ne2 Re8 9. Qc2 g6 10. h4 f5 11. Bg5 Qc7 12. 0-0-0 Be6 13. Kb1 Nd7 14. h5 Nf8 15. Qd2 c5 16. Nf4 cxd4 17. cxd4 Be7 18. Bxe7 Qxe7 19. d5 Bd7 20. hxg6 hxg6 21. Qc3 Qe5 22. Qxe5 Rxe5 23. Rhe1 Rxe1 24. Rxe1 Kg7 25. Rc1 Rc8 26. Ne2 Rxc1+ 27. Kxc1 Kf6 28. f4 Ke7 29. Kd2 Kd6 30. Bc4 b5 31. Bb3 Nh7 32. Ke3 Nf6 33. Kd4 Nh5 34. a3 a6 35. Ba2 Bc8 36. b4 Bb7 37. g3 Ba8 1/2-1/2

[Event "FRA-chT1A 0708"]
[Site "France"]
[Date "2008.02.09"]
[Round "6.3"]
[White "Haik, Aldo"]
[Black "Alanic, Xavier"]
[Result "1/2-1/2"]
[WhiteElo "2381"]
[BlackElo "2284"]
[PlyCount "81"]
[EventDate "2007.10.21"]
[EventType "team"]
[EventRounds "11"]
[EventCountry "FRA"]
[SourceTitle "EXT 2009"]
[Source "ChessBase"]
[SourceDate "2008.11.26"]
[SourceVersion "1"]
[SourceVersionDate "2008.11.26"]
[SourceQuality "1"]
[WhiteTeam "Noisy le Grand"]
[BlackTeam "Guingamp"]
[WhiteTeamCountry "FRA"]
[BlackTeamCountry "FRA"]

1. d4 g6 2. c4 Bg7 3. e4 c6 4. Nc3 d6 5. h3 e5 6. Nf3 Nd7 7. Be2 Ngf6 8. dxe5 dxe5 9. Be3 0-0 10. Qc2 Qc7 11. 0-0 Re8 12. c5 Nf8 13. Rfd1 Nh5 14. a3 Nf4 15. Bf1 Qe7 16. Rd6 g5 17. g3 Nxh3+ 18. Bxh3 Bxh3 19. Bxg5 f6 20. Be3 Ng6 21. Nh2 Be6 22. Rad1 Qf7 23. Qe2 Bf8 24. R6d2 Bb3 25. Re1 Rad8 26. Rxd8 Rxd8 27. Qh5 Bg7 28. Ng4 Nf8 29. Qh4 Rd7 30. Bh6 Ng6 31. Qh5 Be6 32. Bxg7 Bxg4 33. Qxg4 Qxg7 34. Nd1 Nf8 35. Qh3 Rd4 36. Ne3 Rxe4 37. Rf1 Rd4 38. Nf5 Qd7 39. Qh5 Rd5 40. Re1 Ng6 41. Ne3 1/2-1/2

[Event "FRA-chT1A 0708"]
[Site "France"]
[Date "2007.10.21"]
[Round "1.3"]
[White "Alanic, Xavier"]
[Black "Crouan, Stephane"]
[Result "1-0"]
[WhiteElo "2266"]
[BlackElo "2207"]
[PlyCount "61"]
[EventDate "2007.10.21"]
[EventType "team"]
[EventRounds "11"]
[EventCountry "FRA"]
[SourceTitle "EXT 2009"]
[Source "ChessBase"]
[SourceDate "2008.11.26"]
[SourceVersion "1"]
[SourceVersionDate "2008.11.26"]
[SourceQuality "1"]
[WhiteTeam "Guingamp"]
[BlackTeam "Nantes"]
[WhiteTeamCountry "FRA"]
[BlackTeamCountry "FRA"]

1. c4 c5 2. Nc3 Nf6 3. e4 Nc6 4. g3 e6 5. Bg2 a6 6. Nge2 Qc7 7. 0-0 Nd4 8. d3 d6 9. Be3 Nxe2+ 10. Qxe2 Be7 11. g4 Nd7 12. f4 Rb8 13. a4 b6 14. Rf3 Bb7 15. Rh3 Bc6 16. g5 b5 17. axb5 axb5 18. Rf1 bxc4 19. dxc4 Qb6 20. Bc1 Qb4 21. Nd5 Bxd5 22. exd5 e5 23. b3 Ra8 24. Qg4 Qb7 25. g6 fxg6 26. Rxh7 Rxh7 27. Qxg6+ Kd8 28. Qxh7 Bf6 29. fxe5 Bxe5 30. Bh3 Qxb3 31. Bxd7 1-0

[Event "FRA-ch Accession"]
[Site "Aix les Bains"]
[Date "2007.08.23"]
[Round "10"]
[White "Heinis, Vincent"]
[Black "Alanic, Xavier"]
[Result "0-1"]
[WhiteElo "2199"]
[BlackElo "2251"]
[PlyCount "70"]
[EventDate "2007.08.13"]
[EventType "swiss"]
[EventRounds "11"]
[EventCountry "FRA"]
[SourceTitle "CBM 120 Extra"]
[Source "ChessBase"]
[SourceDate "2007.11.01"]
[SourceVersion "1"]
[SourceVersionDate "2007.11.01"]
[SourceQuality "1"]

1. d4 f5 2. g3 Nf6 3. Bg2 e6 4. c4 c6 5. Nh3 d5 6. 0-0 Be7 7. Nd2 0-0 8. b3 Bd7 9. Bb2 Be8 10. Nf4 Bf7 11. Nf3 h6 12. Ne5 Qe8 13. cxd5 exd5 14. Bh3 g5 15. Nfd3 Be6 16. Nc5 Bc8 17. Qc2 Ne4 18. f3 Nxc5 19. dxc5 Na6 20. Nd3 Bf6 21. e4 Bxb2 22. Qxb2 fxe4 23. Bxc8 Rxc8 24. Ne5 Nxc5 25. Ng4 Qe6 26. Qc2 Nd3 27. fxe4 Qxg4 28. Qxd3 Qxe4 29. Qc3 Rce8 30. Rxf8+ Rxf8 31. Re1 Qf5 32. Qd4 b6 33. h4 c5 34. Qe5 gxh4 35. gxh4 Qf2+ 0-1

[Event "FRA-ch Accession"]
[Site "Aix les Bains"]
[Date "2007.08.17"]
[Round "4"]
[White "Collas, Didier"]
[Black "Alanic, Xavier"]
[Result "1-0"]
[WhiteElo "2458"]
[BlackElo "2251"]
[PlyCount "73"]
[EventDate "2007.08.13"]
[EventType "swiss"]
[EventRounds "11"]
[EventCountry "FRA"]
[SourceTitle "CBM 120 Extra"]
[Source "ChessBase"]
[SourceDate "2007.11.01"]
[SourceVersion "1"]
[SourceVersionDate "2007.11.01"]
[SourceQuality "1"]

1. e4 c6 2. d4 d5 3. exd5 cxd5 4. c4 Nf6 5. Nc3 e6 6. Nf3 Be7 7. a3 dxc4 8. Bxc4 a6 9. 0-0 b5 10. Ba2 Bb7 11. Re1 0-0 12. Qe2 Qd6 13. Bg5 Nbd7 14. d5 e5 15. Nxe5 Nxe5 16. Qxe5 Qxe5 17. Rxe5 Bd6 18. Rf5 Bc8 19. Rf3 Bg4 20. Re3 Bc5 21. Ree1 Nd7 22. d6 b4 23. axb4 Bxb4 24. Re4 Bxc3 25. bxc3 Bf5 26. Re7 Rac8 27. h3 Nc5 28. g4 Bg6 29. Rc7 Rxc7 30. dxc7 Rc8 31. Rd1 Bd3 32. Be3 Rxc7 33. Bxc5 Rxc5 34. Rxd3 h5 35. Rd8+ Kh7 36. Bxf7 hxg4 37. hxg4 1-0

[Event "FRA-chT1A 0607"]
[Site "France"]
[Date "2007.01.20"]
[Round "5.6"]
[White "Guillon, Cyril"]
[Black "Alanic, Xavier"]
[Result "1/2-1/2"]
[WhiteElo "2224"]
[BlackElo "2235"]
[PlyCount "98"]
[EventDate "2006.10.15"]
[EventType "team-tourn"]
[EventRounds "11"]
[EventCountry "FRA"]
[SourceTitle "EXT 2008"]
[Source "ChessBase"]
[SourceDate "2007.11.25"]
[SourceVersion "1"]
[SourceVersionDate "2007.11.25"]
[SourceQuality "1"]
[WhiteTeam "Evry Grand Roque II"]
[BlackTeam "Guingamp"]
[WhiteTeamCountry "FRA"]
[BlackTeamCountry "FRA"]

1. e4 c6 2. d4 d5 3. f3 dxe4 4. fxe4 e5 5. Nf3 exd4 6. Bc4 Bc5 7. 0-0 Qe7 8. Ng5 Nh6 9. Nxf7 Bg4 10. Qe1 Rf8 11. Bg5 Qc7 12. Bf4 Qe7 13. Bg5 Qc7 14. Bxh6 gxh6 15. b4 Be7 16. e5 Nd7 17. Qg3 Bh5 18. e6 Qxg3 19. exd7+ Kxd7 20. hxg3 b5 21. Bb3 Bxb4 22. a4 a6 23. Ne5+ Kc7 24. Rxf8 Rxf8 25. axb5 axb5 26. g4 Bg6 27. Nxg6 hxg6 28. Bf7 d3 29. Bxg6 d2 30. Nxd2 Bxd2 31. Bf5 Be3+ 32. Kf1 h5 33. Ke2 Bd4 34. Rf1 hxg4 35. Bxg4 Re8+ 36. Kd3 c5 37. Rf7+ Kb6 38. Bf3 Re3+ 39. Kd2 Re6 40. Rb7+ Ka5 41. Bd5 Rf6 42. c3 Be5 43. Ra7+ Kb6 44. Rb7+ Ka6 45. Re7 Bf4+ 46. Kd3 c4+ 47. Kc2 Ka5 48. Rf7 Rxf7 49. Bxf7 Bg3 1/2-1/2